| 000 | 00807nam a22002057a 4500 | ||
|---|---|---|---|
| 003 | JO-AjAnu | ||
| 005 | 20231129093828.0 | ||
| 008 | 231129b jo ||||| |||| 00| 0 ara d | ||
| 040 |
_aJO-AjAnu _bara _cJO-AjAnu |
||
| 041 | _aara | ||
| 050 |
_aQL462.3 _aM3464 |
||
| 100 | 1 |
_aالملاح، نبيل مصطفى _964534 _eمؤلف |
|
| 245 | 0 |
_aحشرات نصفية الأجنحة الضارة بالنباتات الاقتصادية / _cنبيل مصطفى الملاح، نزار مصطفى الملاح |
|
| 260 |
_aعمان : _bدار اليازوري، _c[د.ت] |
||
| 300 | _a372صفحة | ||
| 500 | _aيحتوي على صور توضيحية | ||
| 650 | 7 | 0 |
_aالحشرات الضارة _964535 |
| 700 | 1 |
_aالملاح، نزار مصطفى _964243 _eمؤلف مشارك |
|
| 942 |
_2lcc _cBK _n0 |
||
| 999 |
_c33191 _d33191 |
||